| 000 | 00646cam a2200229 4500 | ||
|---|---|---|---|
| 999 |
_c4030 _d4030 |
||
| 003 | OSt | ||
| 005 | 20220317072237.0 | ||
| 008 | 730816s1974 nyu b 001 0 eng | ||
| 020 | _a0381982513 | ||
| 040 | _cDLC | ||
| 043 |
_aaw----- _ama----- _aa-is--- |
||
| 050 | 0 | 0 |
_aDS119.7 _b.S379 1974 |
| 100 | 1 |
_aSchmidt, Dana Adams, _d1915-1994. |
|
| 245 | 1 | 0 | _aArmageddon in the Middle East. |
| 260 |
_aNew York, _bJohn Day Co. _c[1974] |
||
| 300 |
_a269 p. _c21 cm. |
||
| 350 | _a$8.95 | ||
| 504 | _aIncludes bibliographical references. | ||
| 650 | 0 | _aJewish-Arab relations. | |
| 906 |
_a7 _bcbc _corignew _d1 _eocip _f19 _gy-gencatlg |
||
| 942 |
_2lcc _cBK |
||